Statistics for America's Most Common First Names in 1990

Click here to take the quiz!

General Stats

  • This quiz has been taken 54 times
  • The average score is 9 of 20

Answer Stats

RankMale% Correct
2John
90%
1James
80%
1Mary
78%
5William
74%
3Robert
62%
4Michael
60%
5Elizabeth
58%
6David
50%
6Jennifer
50%
9Joseph
42%
8Charles
40%
10Thomas
40%
7Richard
36%
7Maria
34%
8Susan
32%
3Linda
24%
9Margaret
22%
4Barbara
20%
2Patricia
16%
10Dorothy
6%

Score Distribution

Percentile by Number Answered

Percent of People with Each Score

Your Score History

You have not taken this quiz